<?xml version="1.0" encoding="UTF-8"?><?xml-stylesheet type="text/xsl" href="static/style.xsl"?><OAI-PMH xmlns="http://www.openarchives.org/OAI/2.0/" xmlns:xsi="http://www.w3.org/2001/XMLSchema-instance" xsi:schemaLocation="http://www.openarchives.org/OAI/2.0/ http://www.openarchives.org/OAI/2.0/OAI-PMH.xsd"><responseDate>2026-04-17T15:35:04Z</responseDate><request verb="GetRecord" identifier="oai:www.recercat.cat:20.500.12694/7165" metadataPrefix="marc">https://recercat.cat/oai/request</request><GetRecord><record><header><identifier>oai:recercat.cat:20.500.12694/7165</identifier><datestamp>2025-12-18T12:09:51Z</datestamp><setSpec>com_2072_179042</setSpec><setSpec>col_2072_484474</setSpec></header><metadata><record xmlns="http://www.loc.gov/MARC21/slim" xmlns:dcterms="http://purl.org/dc/terms/" xmlns:xsi="http://www.w3.org/2001/XMLSchema-instance" xmlns:doc="http://www.lyncode.com/xoai" xsi:schemaLocation="http://www.loc.gov/MARC21/slim http://www.loc.gov/standards/marcxml/schema/MARC21slim.xsd">
   <leader>00925njm 22002777a 4500</leader>
   <datafield ind2=" " ind1=" " tag="042">
      <subfield code="a">dc</subfield>
   </datafield>
   <datafield ind2=" " ind1=" " tag="720">
      <subfield code="a">Jódar Garcia, Marc</subfield>
      <subfield code="e">author</subfield>
   </datafield>
   <datafield ind2=" " ind1=" " tag="260">
      <subfield code="c">2013-07-16</subfield>
   </datafield>
   <datafield ind2=" " ind1=" " tag="520">
      <subfield code="a">Aquest projecte consisteix en la producció sonora per a un curtmetratge. Des de la preproducció fins al disseny de so, s’analitzen i es realitzen tots els processos intermedis necessaris per arribar a tenir un producte audiovisual de qualitat i innovador. S’han desenvolupat diverses tasques: des del rodatge del curt, la composició de la banda sonora, fins a la mescla en 5.1, entre altres. En aquesta memòria es detalla pas a pas el procés que s’ha seguit per aconseguir el resultat que s’esperava, amb les reflexions prèvies i la investigació de les diverses opcions. L’objectiu principal és aprofundir en el camp del disseny sonor i arribar a crear sons i efectes que impactin en l’espectador i no el deixin indiferent.</subfield>
   </datafield>
   <datafield ind2=" " ind1=" " tag="520">
      <subfield code="a">Este proyecto consiste en la producción sonora para un cortometraje. Desde la preproducción hasta el diseño sonoro, se analizan y realizan todos los procesos intermedios necesarios hasta llegar a tener un producto audiovisual de calidad e innovador. Se han desarrollado distintas tareas: desde el rodaje del corto, la composición de la banda sonora, hasta la mezcla en 5.1, entre otras. En esta memoria se detalla paso a paso el proceso que se ha seguido para conseguir el resultado esperado, con las reflexiones previas y la investigación de las distintas opciones. El objetivo principal es profundizar en el campo del diseño sonoro y llegar a crear sonidos y efectos que impacten en el espectador y no lo dejen indiferente.</subfield>
   </datafield>
   <datafield ind2=" " ind1=" " tag="520">
      <subfield code="a">This project involves the production of a short film. From pre-production to sound design, the project analyzes and carries out all intermediate processes required to produce a quality and innovative audiovisual product. Several tasks have been developed, from the filming of the short film and the composition of the soundtrack, to the 5.1 mix. Here, the step-by-step process followed to achieve the expected result is detailed, including prior reflections and research into the various options. The aim is to deepen knowledge in the field of sound design and to create sounds and effects that impact the viewers and do not leave them indifferent.</subfield>
   </datafield>
   <datafield ind1="8" ind2=" " tag="024">
      <subfield code="a">http://hdl.handle.net/20.500.12694/7165</subfield>
   </datafield>
   <datafield tag="653" ind2=" " ind1=" ">
      <subfield code="a">TFG Sonologia</subfield>
   </datafield>
   <datafield tag="653" ind2=" " ind1=" ">
      <subfield code="a">Cinematografia--Efectes sonors</subfield>
   </datafield>
   <datafield tag="653" ind2=" " ind1=" ">
      <subfield code="a">Curtmetratges--Producció i direcció</subfield>
   </datafield>
   <datafield tag="653" ind2=" " ind1=" ">
      <subfield code="a">Audiovisuals</subfield>
   </datafield>
   <datafield tag="653" ind2=" " ind1=" ">
      <subfield code="a">Bandes sonores (Cinematografia)</subfield>
   </datafield>
   <datafield ind2="0" ind1="0" tag="245">
      <subfield code="a">Quimera : com sonoritzar la bogeria : producció sonora 5.1 per a un curtmetratge</subfield>
   </datafield>
</record></metadata></record></GetRecord></OAI-PMH>